|
|
|
|
| LEADER |
00000nam a2200000 a 4500 |
| 001 |
UCZ0273 |
| 003 |
CL-VaPUC |
| 008 |
950728e19520000FR |||||||||||||||||fre|d |
| 082 |
0 |
4 |
|a 759.493
|b VAN
|2 21
|
| 100 |
0 |
|
|a Van Puyvelde, Leo
|e author
|9 342982
|
| 245 |
1 |
0 |
|a Rubens
|
| 300 |
|
|
|a 238 p
|
| 942 |
|
|
|c BK
|
| 945 |
|
|
|d 19950728 00:00:00
|a awong
|
| 260 |
|
|
|a París
|b Elsevier
|c 1952
|
| 600 |
|
0 |
|a Rubens, Pedro Pablo
|d 1577-1640
|9 340397
|
| 650 |
|
0 |
|a Pintura flamenca
|9 319201
|
| 650 |
|
7 |
|a PINTORES FLAMENCOS
|2 CL-VaPUC
|9 342983
|
| 650 |
|
0 |
|a Biografías
|9 255210
|
| 583 |
|
|
|a last modification
|c 19950728 00:00:00
|k Rodrigo Vera
|
| 999 |
|
|
|c 237228
|d 237226
|
| 952 |
|
|
|0 0
|1 0
|4 0
|6 759_493000000000000_VAN_1952
|7 0
|8 R
|9 246103
|a BIBART
|b BIBART
|d 2019-11-18
|i 3107752
|o 759.493 VAN 1952
|p 3107752
|r 2025-03-13
|w 2019-11-18
|y BK_R
|k ART
|